Statistics for Flattest countries in the world

Click here to take the quiz!

General Stats

  • This quiz has been taken 48 times
  • The average score is 6 of 10

Answer Stats

Highest pt(ft)Answer% Correct
8Maldives
78%
15Tuvalu
69%
266Kiribati
64%
33Marshall islands
62%
233Nauru
62%
207Bahamas
53%
400Bahrain
49%
338Qatar
47%
246Vatican City
42%
174The Gambia
24%

Score Distribution

Percentile by Number Answered

Percent of People with Each Score

Your Score History

You have not taken this quiz